| 000 | 00519nam a2200217Ia 4500 | ||
|---|---|---|---|
| 008 | 170918s9999 xx 000 0 und d | ||
| 020 | _a9780439754064 | ||
| 050 | _bC377 2006 | ||
| 100 | _aCavasin, Maimouna | ||
| 245 | _aKids in the spotlight / | ||
| 245 | _cMaimouna Cavasin. | ||
| 260 | _aNew York : | ||
| 260 | _bScholastic, | ||
| 260 | _c2006 | ||
| 300 | _a8 pages : | ||
| 300 | _bcolored illustration ; | ||
| 300 | _c23cm. | ||
| 440 | _aScholastic FX books ; | ||
| 440 | _vbook 9. | ||
| 500 | _a350 | ||
| 999 |
_c341206 _d341206 |
||